00357nam a2200133 a 4500008004100000020001500041050001600056100002100072245002900093260004000122300002800162350000900190700002400199120416s1982 ||||||||||||||||| || u a0471085103 aHF 5635 Hel aHelmkamp, John G10aPrinciples of accounting aNew YorkbJohn Wiley and Sonsc1982 axx, 1113p. [46p.] : ill a0.00 aSmith, Ralph Eugene